UNIX applications programming : mastering the shell
Saved in:
| Main Author: | |
|---|---|
| Format: | Book |
| Language: | English |
| Published: |
Carmel, Ind. :
Howard W. Sams & Co.,
1990
|
| Subjects: | |
| Tags: |
Add Tag
No Tags, Be the first to tag this record!
|
MARC
| LEADER | 00000cam a2200000 i 4500 | ||
|---|---|---|---|
| 001 | 1/40401 | ||
| 008 | 941103s1990 eng d | ||
| 020 | |a 0672227150 | ||
| 035 | |l 10041246 | ||
| 040 | |a GR-MY-UA |b gre |e aacr | ||
| 041 | 0 | |a eng | |
| 082 | 0 | |a 005.43 | |
| 100 | 1 | |a Swartz, Ray. | |
| 245 | 1 | 0 | |a UNIX applications programming : |b mastering the shell / |c Ray Swartz |
| 260 | |a Carmel, Ind. : |b Howard W. Sams & Co., |c 1990 | ||
| 300 | |a xxi, 452 p.; |b ill.; |c 24 cm | ||
| 500 | |a Includes index | ||
| 650 | 0 | 0 | |a Application software. |
| 650 | 0 | 0 | |a Microcomputers |x Programming. |
| 852 | |a INST |b SAMOS |e 19941103 |h 005.43 SWA |p 005300007093 |q 005300007093 |t BK |y 0 | ||
| 909 | |a Σ |b 033765 | ||